Vấn đề quốc học

Trình bày chung quanh vấn đề quốc học, triết lý với quốc học, những đức tính dân tộc,...

محفوظ في:
التفاصيل البيبلوغرافية
المؤلف الرئيسي: Kim Định
التنسيق: كتاب
اللغة:Undetermined
منشور في: Hà Nội Hội nhà văn 2017
الموضوعات:
الوسوم: إضافة وسم
لا توجد وسوم, كن أول من يضع وسما على هذه التسجيلة!
Thư viện lưu trữ: Trung tâm Học liệu Trường Đại học Cần Thơ
LEADER 00699nam a2200217Ia 4500
001 CTU_225855
008 210402s9999 xx 000 0 und d
020 |c 65000 
082 |a 370.9597 
082 |b K310 
100 |a Kim Định 
245 0 |a Vấn đề quốc học 
245 0 |c Kim Định 
260 |a Hà Nội 
260 |b Hội nhà văn 
260 |c 2017 
520 |a Trình bày chung quanh vấn đề quốc học, triết lý với quốc học, những đức tính dân tộc,... 
650 |a Education,Giáo dục 
650 |z Vietnam,Việt Nam 
910 |b vtbtruc 
980 |a Trung tâm Học liệu Trường Đại học Cần Thơ